| 000 | 00476nam a2200145Ia 4500 | ||
|---|---|---|---|
| 008 | 220216s9999 xx 000 0 und d | ||
| 100 | _aLoha P | ||
| 245 | 0 | _aStudies on adhesion between natural rubber and polybutadiene rubber | |
| 260 | _bRubbercon 87: Proceedings of the International Rubber Conference, U.K, 1987, Group A, p37A. 1-11 | ||
| 650 | _aNatural rubber | ||
| 650 | _aPolybutadiene rubber | ||
| 700 | _aBhowmick A K | ||
| 700 | _aChakravarty S N | ||
| 942 | _cJS | ||
| 999 |
_c69546 _d69546 |
||